Zoología de los invertebrados
Αποθηκεύτηκε σε:
| Κύριος συγγραφέας: | |
|---|---|
| Μορφή: | Βιβλίο |
| Γλώσσα: | Ισπανικά |
| Έκδοση: |
Ciudad de México
Interamericana
1989
|
| Έκδοση: | Cuarta edición |
| Θέματα: | |
| Ετικέτες: |
Προσθήκη ετικέτας
Δεν υπάρχουν, Καταχωρήστε ετικέτα πρώτοι!
|
MARC
| LEADER | 00000nam a2200000 a 4500 | ||
|---|---|---|---|
| 001 | UCV4924 | ||
| 003 | CL-VaPUC | ||
| 005 | 20211028074315.0 | ||
| 008 | 901206e19890000MX |||||||||||||||||spa|d | ||
| 999 | |c 211551 |d 211549 | ||
| 020 | |a 9682514460 | ||
| 040 | |c Pontificia Universidad Católica de Valparaíso | ||
| 082 | 0 | 4 | |a 592 BAR 1989 |2 21 |
| 100 | 0 | |a Barnes, Robert D |9 299115 | |
| 245 | 1 | 0 | |a Zoología de los invertebrados |
| 250 | |a Cuarta edición | ||
| 260 | |a Ciudad de México |b Interamericana |c 1989 | ||
| 300 | |a 957 páginas | ||
| 583 | |a last modification |c 19901206 00:00:00 |k Rodrigo Vera | ||
| 650 | 0 | |a Invertebrados |9 261302 | |
| 650 | 0 | |a Crustáceos |9 259969 | |
| 942 | |c BK |2 ddc | ||
| 945 | |d 19901206 00:00:00 |a mfernand | ||
| 952 | |0 0 |1 0 |2 ddc |4 0 |6 592_000000000000000_BAR_1989 |7 0 |8 A |9 191156 |a BIBCUR |b BIBCUR |d 2019-11-14 |i 2587831 |o 592 BAR 1989 |p 2587831 |r 2025-04-22 |t 2 |w 2019-11-14 |y BK |k BIO | ||
| 952 | |0 0 |1 0 |2 ddc |4 0 |6 592_000000000000000_BAR_1989 |7 0 |8 A |9 191157 |a BIBCUR |b BIBCUR |d 2019-11-14 |i 2587858 |o 592 BAR 1989 |p 2587858 |r 2025-04-22 |t 3 |w 2019-11-14 |y BK |k BIO | ||
| 952 | |0 0 |1 0 |2 ddc |4 0 |6 592_000000000000000_BAR_1989 |7 0 |8 A |9 191158 |a BIBCUR |b BIBCUR |d 2019-11-14 |i 2587866 |o 592 BAR 1989 |p 2587866 |r 2025-04-22 |t 4 |w 2019-11-14 |y BK |k BIO | ||
| 952 | |0 0 |1 0 |2 ddc |4 0 |6 592_000000000000000_BAR_1989 |7 0 |8 A |9 191159 |a BIBCUR |b BIBCUR |d 2019-11-14 |i 2587874 |o 592 BAR 1989 |p 2587874 |r 2025-04-22 |t 5 |w 2019-11-14 |y BK |k BIO | ||
| 952 | |0 0 |1 0 |2 ddc |4 0 |6 592_000000000000000_BAR_1989 |7 0 |8 A |9 191160 |a BIBCUR |b BIBCUR |d 2019-11-14 |i 2587890 |l 1 |o 592 BAR 1989 |p 2587890 |r 2025-04-22 |s 2024-09-10 |t 6 |w 2019-11-14 |y BK |k BIO | ||
| 952 | |0 0 |1 0 |2 ddc |4 0 |6 592_000000000000000_BAR_1989 |7 0 |8 A |9 191161 |a BIBCUR |b BIBCUR |d 2019-11-14 |i 2587904 |o 592 BAR 1989 |p 2587904 |r 2025-04-22 |t 7 |w 2019-11-14 |y BK |k BIO | ||
| 952 | |0 0 |1 0 |2 ddc |4 0 |6 592_000000000000000_BAR_1989 |7 0 |8 A |9 191162 |a BIBCUR |b BIBCUR |d 2019-11-14 |i 2587912 |o 592 BAR 1989 |p 2587912 |r 2025-04-22 |t 8 |w 2019-11-14 |y BK |k BIO | ||
| 952 | |0 0 |1 0 |2 ddc |4 0 |6 592_000000000000000_BAR_1989 |7 0 |8 A |9 191163 |a BIBCUR |b BIBCUR |d 2019-11-14 |i 2587920 |l 1 |o 592 BAR 1989 |p 2587920 |r 2025-04-22 |s 2024-09-11 |t 9 |w 2019-11-14 |y BK |k BIO | ||
| 952 | |0 0 |1 0 |2 ddc |4 0 |6 592_000000000000000_BAR_1989 |7 0 |8 A |9 191165 |a BIBCUR |b BIBCUR |d 2019-11-14 |i 2587955 |o 592 BAR 1989 |p 2587955 |r 2025-04-22 |t 11 |w 2019-11-14 |y BK |k BIO | ||
| 952 | |0 0 |1 0 |2 ddc |4 0 |6 592_000000000000000_BAR_1989 |7 0 |8 A |9 191166 |a BIBCUR |b BIBCUR |d 2019-11-14 |i 2587963 |o 592 BAR 1989 |p 2587963 |r 2025-04-22 |t 12 |w 2019-11-14 |y BK |k BIO | ||
| 952 | |0 0 |1 0 |2 ddc |4 0 |6 592_000000000000000_BAR_1989 |7 0 |8 A |9 191167 |a BIBCUR |b BIBCUR |d 2019-11-14 |i 3075435 |l 1 |o 592 BAR 1989 |p 3075435 |r 2025-04-22 |s 2023-08-24 |t 13 |w 2019-11-14 |y BK |k BCB | ||
| 952 | |0 0 |1 0 |2 ddc |4 0 |6 592_000000000000000_BAR_1989 |7 0 |8 A |9 191168 |a BIBCUR |b BIBCUR |d 2019-11-14 |i 3075443 |o 592 BAR 1989 |p 3075443 |r 2025-04-22 |t 14 |w 2019-11-14 |y BK |k BCB | ||
| 952 | |0 0 |1 0 |2 ddc |4 0 |6 592_000000000000000_BAR_1989 |7 0 |8 A |9 191169 |a BIBCUR |b BIBCUR |d 2019-11-14 |i 3075451 |o 592 BAR 1989 |p 3075451 |r 2025-04-22 |t 15 |w 2019-11-14 |y BK |k BCB | ||
| 952 | |0 0 |1 0 |2 ddc |4 0 |6 592_000000000000000_BAR_1989 |7 0 |8 A |9 191170 |a BIBCUR |b BIBCUR |d 2019-11-14 |i 3091082 |l 1 |o 592 BAR 1989 |p 3091082 |r 2025-05-08 |s 2025-05-08 |t 16 |w 2019-11-14 |y BK |k BIO | ||
| 952 | |0 0 |1 0 |2 ddc |4 0 |6 592_000000000000000_BAR_1989 |7 0 |8 A |9 191176 |a BIBCUR |b BIBCUR |d 2019-11-14 |i 2587793 |o 592 BAR 1989 |p 2587793 |r 2025-04-22 |t 17 |w 2019-11-14 |y BK |k BIO | ||